000 00928nam a2200265Ia 4500
003 OSt
005 20220923230956.0
006 a|||||r|||| 00| 0
007 ta
008 220922b |||||||| |||| 00| 0 hin d
024 _a327,249
037 _cTextual
040 _aARTS
_cARTS
_bhin
041 _2hin
_ahin
082 _aP0aO, 152P9
100 _aअग्रवाल, मुकेश, ले.
245 0 _aभाषा, साहित्य और संस्कृति
246 _aBhāṣhā, sāhitya aur sanskṛuti
260 _aगाजियाबाद
_b के. एल. पचौरी प्रकाशन
_c2009
300 _a491पृ.
_ccm.
650 _a हिन्दी साहित्य
_9156264
650 _aहिन्दी भाषा
942 _hP0aO, 152P9
_cTEXL
_2CC
999 _c388531
_d388531